00498nam a2200145Ia 450000500170000000800410001710000200005824501020007826000140018030000110019465000090020594200070021499900170022195201140023820260328104313.0260328s9999||||xx |||||||||||||| ||und|| aHyslop, Stephen 0aWhat Life was Like when Rome ruled the World :b the Roman Empire 100 BC-AD 200 /cStephen Hyslop bTime Life a167 p. aROMA cBK c11044d11044 001040708GENaGPCbGPCcGENd2026-03-28i5289l0o709 R 9996p5289r2026-03-28 15:43:13t1w2026-03-28yBK